Loading...
| Science - Chemistry | 0 | 5 | 1 | 1 | 45 | 64 | 80.80 | 0 | 0 | 0.00 | 0.00 |
| Current Events | 0 | 4 | 0 | 1 | 40 | 54 | 79.50 | 0 | 2 | 0.00 | 0.00 |
| Science - Other | 0 | 5 | 2 | 0 | 40 | 71 | 78.60 | 0 | 3 | 0.00 | 0.00 |
| Social Science | 0 | 3 | 0 | 1 | 30 | 84 | 89.00 | 0 | 0 | 0.00 | 0.00 |
| Geography | 0 | 3 | 0 | 0 | 30 | 46 | 63.00 | 1 | 1 | 0.00 | 0.00 |
| Science - Physics | 0 | 4 | 2 | 0 | 30 | 31 | 61.50 | 0 | 0 | 0.00 | 0.00 |
| History - Other | 0 | 2 | 0 | 0 | 20 | 39 | 70.00 | 0 | 1 | 0.00 | 0.00 |
| Literature - American | 0 | 2 | 0 | 0 | 20 | 47 | 54.50 | 1 | 1 | 0.00 | 0.00 |
| Literature - British | 0 | 3 | 2 | 1 | 20 | 21 | 64.67 | 2 | 2 | 0.00 | 0.00 |
| Science - Biology | 0 | 2 | 0 | 0 | 20 | 54 | 68.50 | 0 | 1 | 0.00 | 0.00 |
| History - European | 0 | 2 | 0 | 0 | 20 | 70 | 71.50 | 0 | 1 | 0.00 | 0.00 |
| Literature - World | 0 | 2 | 1 | 0 | 15 | 43 | 78.00 | 0 | 1 | 0.00 | 0.00 |
| Religion | 0 | 1 | 0 | 0 | 10 | 86 | 86.00 | 0 | 0 | 0.00 | 0.00 |
| Philosophy | 0 | 1 | 0 | 0 | 10 | 60 | 60.00 | 0 | 0 | 0.00 | 0.00 |
| Fine Arts - Other | 0 | 1 | 1 | 0 | 5 | 102 | 102.00 | 0 | 0 | 0.00 | 0.00 |
| Fine Arts - Painting and Sculpture | 0 | 1 | 1 | 0 | 5 | 97 | 97.00 | 0 | 0 | 0.00 | 0.00 |
| Popular Culture | 0 | 1 | 1 | 0 | 5 | 116 | 116.00 | 0 | 0 | 0.00 | 0.00 |
| History - American | 0 | 1 | 2 | 0 | 0 | 70 | 70.00 | 0 | 1 | 0.00 | 0.00 |
| History - World | 0 | 1 | 3 | 0 | -5 | 75 | 75.00 | 0 | 0 | 0.00 | 0.00 |